Online katalóg knižníc regiónu Turca

Smrť Ďurka Langsfelda (Record no. 20954)

MARC details
000 -LEADER
fixed length control field 01507nam a2200397 a 4500
001 - CONTROL NUMBER
control field 20954
003 - CONTROL NUMBER IDENTIFIER
control field VRT
005 - DATE AND TIME OF LATEST TRANSACTION
control field 20260207114034.0
008 - FIXED-LENGTH DATA ELEMENTS--GENERAL INFORMATION
fixed length control field 251124s1937 xo slo c
015 ## - NATIONAL BIBLIOGRAPHY NUMBER
National bibliography number SKSNBA19191938-012982
035 ## - SYSTEM CONTROL NUMBER
System control number SK01SNKBSKHR20020094068
035 ## - SYSTEM CONTROL NUMBER
System control number SKM000096531
039 #9 - LEVEL OF BIBLIOGRAPHIC CONTROL AND CODING DETAIL [OBSOLETE]
Level of rules in bibliographic description 202511241303
Level of effort used to assign nonsubject heading access points VLOAD
Level of effort used to assign subject headings 202510291231
Level of effort used to assign classification VLOAD
Level of effort used to assign subject headings 201808121616
Level of effort used to assign classification VLOAD
Level of effort used to assign subject headings 201804301330
Level of effort used to assign classification csnk01
040 ## - CATALOGING SOURCE
Original cataloging agency SNK
Language of cataloging slo
Transcribing agency SNK
Description conventions AACR2
041 1# - LANGUAGE CODE
Language code of text/sound track or separate title slo
044 ## - COUNTRY OF PUBLISHING/PRODUCING ENTITY CODE
MARC country code xo
080 ## - UNIVERSAL DECIMAL CLASSIFICATION NUMBER
Universal Decimal Classification number 885.4
Edition identifier 1. stred., slo
100 1# - MAIN ENTRY--PERSONAL NAME
Personal name Tajovský, Jozef Gregor,
Dates associated with a name 1874-1940
Relationship aut
245 10 - TITLE STATEMENT
Title Smrť Ďurka Langsfelda
Remainder of title dráma v troch dejstvách
Statement of responsibility, etc. Jozef Tajovský-Gregor ; pre ochotnícke javisko uprav. Ján K. Garaj
250 ## - EDITION STATEMENT
Edition statement [2. vyd.]
260 ## - PUBLICATION, DISTRIBUTION, ETC.
Place of publication, distribution, etc. Martin
Name of publisher, distributor, etc. Matica slovenská
Date of publication, distribution, etc. 1937
Place of manufacture Martin
Manufacturer Kníhtlačiarsky účastinársky spolok
300 ## - PHYSICAL DESCRIPTION
Extent 85, [2] s.
Dimensions
490 0# - SERIES STATEMENT
Series statement Čítanie pre meštianske školy
Volume/sequential designation zv. 12
500 ## - GENERAL NOTE
General note Portrét autora
655 #7 - INDEX TERM--GENRE/FORM
Genre/form data or focus term slovenské drámy
Source of term SNKPH
700 1# - ADDED ENTRY--PERSONAL NAME
Personal name Garaj, Ján Karol,
Dates associated with a name 1903-1973
Relationship oth
830 #0 - SERIES ADDED ENTRY--UNIFORM TITLE
Uniform title Čítanie pre meštianske školy
942 ## - ADDED ENTRY ELEMENTS (KOHA)
Source of classification or shelving scheme Dewey Decimal Classification
Koha item type Krásna literatúra pre dospelých
Suppress in OPAC No
949 ## - LOCAL PROCESSING INFORMATION (OCLC)
a snklmMK 887
b snklm488/78
949 ## - LOCAL PROCESSING INFORMATION (OCLC)
6 17A0536922
a snkSD 3801/12 D2
b snkF 443/64
q rekatalogizáca
949 ## - LOCAL PROCESSING INFORMATION (OCLC)
6 273K0370824
a svkpoA 17694
b svkpo40640
949 ## - LOCAL PROCESSING INFORMATION (OCLC)
6 17A0462287
a snkSD 3801/12 D1
b snkF 5579/62
Holdings
Stav vyradenia Strata Poškodenie Spôsob nadobudnutia Domovská knižnica Aktuálna knižnica Dátum nadobudnutia Total checkouts Čiarový kód exemplára Date last seen Typ exemplára Verejná poznámka
      Dar Obecná knižnica Horná Štubňa Obecná knižnica Horná Štubňa 07.02.2026   4736201125 07.02.2026 Krásna literatúra pre dospelých divadelná hra
Projekt je podporený Slovenskou asociáciou knižníc
Prevádzkuje Turčianska knižnica Martin 2026